000 00781nam a22002177a 4500
999 _c11934
_d11934
003 AR-CdUCM
008 190405b ||||| |||| 00| 0 spa d
040 _aMUNICIPALIDAD PROVINCIAL DEL CUSCO
_cBIBLIOTECA MUNICIPAL DEL CUSCO
082 _aES / 370.2 /
_bM93
110 _aMunicipalidad provinvial de Urubamba
_929556
245 _aMuhuchakuna :
_bCuaderno de trabajo para niños y niñas de PRONOEI /
260 _aUrubamba :
_bDanny´s Graff,
_c2010.
300 _a106 paginas ;
_bilustraciones, graficos, dibujos,
_c30 cm.
500 _aCuaderno de trabao
650 _aCuaderno de trabajo
_911620
650 _aTexto educativo
_925832
650 _aUrubamba
_91753
700 _aEscalante Poblete, Gustavo Efrain
_929557
942 _2ddc
_cLIBROS
945 _apjha
_d2019-04-05